00502nam a2200193 a 4500001001300000003000900013005001700022008004100039020002300080082001700103100001300120245004100133260004400174300000900218500003500227505001000262650002300272700001300295nice12345678IN_TiNIC20260116014642.0080110s2007 dela grp 000 0 eng  a8180901475 c40000a294.513bLAL aLal, S K aRivers in Hindu Mythology and Ritual aDelhi bBharatiya Kala Prakashan c2007 a188p aincludes index and biblioraphy2 aindex aMythology-Hinduism1 aLal, S K